| 000 | 00510nam a2200157Ia 4500 | ||
|---|---|---|---|
| 008 | 100122s9999 xx 000 0 und d | ||
| 082 |
_b4026 _a920 |
||
| 100 | _aजोशी भा श्री | ||
| 245 | _aकॉलेजच्या मार्गावर | ||
| 250 | _a0 | ||
| 260 |
_bप्रकाशक शोधणे _c1924 |
||
| 300 | _a50 | ||
| 630 | _aकॉलेजच्या मार्गावर | ||
| 730 | _aकॉलेजच्या मार्गावर | ||
| 942 | _cBOOK | ||
| 999 |
_c397808 _d397805 |
||